000 01083nam a22002537a 4500
003 KOHA_MİRAKIL
005 20260420101530.0
008 260416b tu ||||| |||| 00| 0 tur d
020 _a9786057331588
040 _aTR-AnABB
_btur
_cTR-AnABB
041 _atur
082 _a711.4
_bMEK 2023
245 0 0 _aMekana ve insana dair /
_cDerleyen: Melis Oğuz
260 _aAnkara :
_bİdealkent Yayınları,
_c2022
300 _a528 sayfa ;
_c20 cm
490 0 _aİdealkent yayınları;
_v52
490 0 _aKent ve toplum dizisi ;
_v4
505 _aİçindekiler: Kentsel hafıza, katmanlar ve toplumsal bellek - Kentsel adalet ve mekanda dönüşüm - Kentsel eşikler ve tasarım - Kentsel hareketlilik ve sınırlar - Kentsel planlamada bilgi, iletişim ve teknoloji - Planlamada alternatif yaklaşımlar ve eleştiri - Kırsal planlama ve planlamada yeni arayışlar
505 _aGüncel yaklaşımlar - tartışmalar - çalışmalar
650 0 4 _aŞehir planlama
700 1 _aOğuz, Melis,
_ederleyen
_93520
900 _bCan ÇELIK
942 _2ddc
_cBK
999 _c10274
_d10274